ՀՀ Գիտությունների ազգային ակադեմիայի հիմնարար գիտական գրադարան  =   Fundamental Scientific Library of NAS RA

Քիմիայի խնդիրների և վարժությունների ժողովածու : (Record no. 89861)

MARC details
000 -LEADER
fixed length control field 00980nam a2200217 u 4500
001 - CONTROL NUMBER
control field 000250852
003 - CONTROL NUMBER IDENTIFIER
control field AM-YeHGA
005 - DATE AND TIME OF LATEST TRANSACTION
control field 20250618071701.0
008 - FIXED-LENGTH DATA ELEMENTS--GENERAL INFORMATION
fixed length control field 030729s1990 ai r 000 0 arm d
020 ## - INTERNATIONAL STANDARD BOOK NUMBER
International Standard Book Number 5545004459
040 ## - CATALOGING SOURCE
Original cataloging agency AM-YeHGA
090 ## - LOCALLY ASSIGNED LC-TYPE CALL NUMBER (OCLC); LOCAL CALL NUMBER (RLIN)
-- 91150
245 10 - TITLE STATEMENT
Title Քիմիայի խնդիրների և վարժությունների ժողովածու :
Remainder of title Ուս. ձեռնարկ միջն. դպր. 7-10-րդ դաս. աշակերտների համար /
Statement of responsibility, etc. Յա.Լ. Գոլդֆարբ, Յու.Վ. Խոդակով, Յու.Բ. Դոդոնով; Թարգմ.՝ Մ. Ջրբաշյան, Ա. Համբարձումյան.
250 ## - EDITION STATEMENT
Edition statement 6-րդ վերանմշ. հրատ.
260 ## - PUBLICATION, DISTRIBUTION, ETC.
Place of publication, distribution, etc. Երևան :
Name of publisher, distributor, etc. Լույս,
Date of publication, distribution, etc. 1990.
300 ## - PHYSICAL DESCRIPTION
Extent 232 էջ :
Other physical details աղս.
650 14 - SUBJECT ADDED ENTRY--TOPICAL TERM
Topical term or geographic name entry element Քիմիա
Form subdivision Դասագիրք
9 (RLIN) 5631
700 1# - ADDED ENTRY--PERSONAL NAME
Personal name Դոդոնով, Յուրի Բորիսովիչ
700 1# - ADDED ENTRY--PERSONAL NAME
Personal name Ջրբաշյան, Մ.
Relator term թարգմ.
Relationship trl
9 (RLIN) 8553
700 1# - ADDED ENTRY--PERSONAL NAME
Personal name Համբարձումյան, Ա.
Relator term թարգմ.
Relationship trl
Holdings
Withdrawn status Lost status Damaged status Not for loan Collection Home library Current library Date acquired Total checkouts Full call number Barcode Date last seen Price effective from Koha item type Public note
        General Fundamental Scientific Library Fundamental Scientific Library 22/12/2016   54(075.3) 220081040 22/12/2016 22/12/2016 Գրքեր / Books 30 Days Loan
        General Fundamental Scientific Library Fundamental Scientific Library 22/12/2016   54(075.3) 220081498 22/12/2016 22/12/2016 Գրքեր / Books 30 Days Loan


ՀՀ ԳԱԱ հիմնարար գիտական գրադարան
ՀՀ,Երևան 0019
Մարշալ Բաղրամյան 24/6
հեռախոս:(374-10) 52-47-50
Հետադարձ կապ

All site content, except where otherwise noted, is licensed under a
Creative Commons License